Význam UX a UI v digitálnom marketingu diplomová práca

Gespeichert in:
Bibliographische Detailangaben
1. Verfasser: Putyera, Patrik
Körperschaft: Obchodná fakulta EU. Katedra marketingu
Weitere Verfasser: Kuchta, Martin, 1990-
Format: Buch
Sprache:Slowakisch
Veröffentlicht: Bratislava 2024
Tags: Tag hinzufügen
Keine Tags, Fügen Sie das erste Tag hinzu!

MARC

LEADER 00000nbm a2200000 4500
001 0302160
005 20250704225413.4
041 0 |a slo 
044 |a SK 
245 1 0 |a Význam UX a UI v digitálnom marketingu  |b diplomová práca  |c Patrik Putyera ; školiteľ: Martin Kuchta 
264 1 |a Bratislava  |c 2024 
300 |a 71 s. 
100 1 |a Putyera, Patrik 
700 1 |a Kuchta, Martin, 1990- 
710 2 |a Obchodná fakulta EU. Katedra marketingu